| 000 -CABECERA |
| Campo de control de longitud fija |
00766nam a22001697a 4500 |
| 005 - FECHA Y HORA DE LA ÚLTIMA TRANSACCIÓN |
| Campo de control |
20240910140156.0 |
| 008 - CAMPO FIJO DE DESCRIPCIÓN FIJA--INFORMACIÓN GENERAL |
| Campo de control de longitud fija |
230717b ||||| |||| 00| 0 eng d |
| 040 ## - FUENTE DE CATALOGACIÓN |
| Agencia de catalogación original |
CDMR |
| 110 ## - ENCABEZAMIENTO PRINCIPAL--NOMBRE CORPORATIVO |
| 9 (RLIN) |
4968 |
| Nombre corporativo o de jurisdicción como elemento de entrada |
Consell de l'Audiovisual de la Comunitat Valenciana |
| 245 ## - MENCIÓN DE TÍTULO |
| Título |
Recomanacions per al tractament del suïcidi en els mitjans de comunicació [Recurs electrònic] |
| Mención de responsabilidad, etc. |
/ Consell de l'Audiovisual de la Comunitat Valenciana |
| 260 ## - PUBLICACIÓN, DISTRIBUCIÓN, ETC (PIE DE IMPRENTA) |
| Lugar de publicación, distribución, etc. |
Castelló de la Plana : |
| Nombre del editor, distribuidor, etc. |
CACV, |
| Fecha de publicación, distribución, etc. |
[2022] |
| 300 ## - DESCRIPCIÓN FÍSICA |
| Extensión |
1 recurs electrònic (21 pàgines) |
| 650 #0 - ASIENTO SECUNDARIO DE MATERIA--TÉRMINO DE MATERIA |
| 9 (RLIN) |
983 |
| Nombre de materia o nombre geográfico como elemento de entrada |
Ètica periodística |
| Subdivisión geográfica |
País Valencià |
| 650 #0 - ASIENTO SECUNDARIO DE MATERIA--TÉRMINO DE MATERIA |
| 9 (RLIN) |
4965 |
| Nombre de materia o nombre geográfico como elemento de entrada |
Suïcidi |
| 856 ## - ACCESO ELECTRÓNICO |
| Identificador uniforme del recurso URI |
<a href="https://cdacv.es/wp-content/uploads/2023/10/Tractament-del-suicidi-en-els-mitjans-de-comunicacio-val.pdf">https://cdacv.es/wp-content/uploads/2023/10/Tractament-del-suicidi-en-els-mitjans-de-comunicacio-val.pdf</a> |
| Nota Pública |
Accés en línia |
| 942 ## - ELEMENTOS KOHA |
| Fuente de clasificación o esquema de ordenación en estanterías |
|
| Koha tipo de item |
Llibres electrònics |